000 01388cam a2200301 a 4500
001 2535153
005 20250122135647.0
008 931026s1993 dcu b 000 0 eng d
020 _a155810089X
050 0 0 _aRA790.6
_b.K73 1993
082 0 0 _a362.2/0973
_220
100 1 _aKrauss, Judith Belliveau.
245 1 0 _aHealth care reform :
_bessential mental health services /
_cJudith B. Krauss ; contributors for the Coalition of Psychiatric Nursing Organizations, Jean Blackburn ... [et al.].
260 _aWashington, D.C. :
_bAmerican Nurses Publishing,
_cc1993.
300 _a69 p. ;
_c23 cm.
500 _aOn verso and back cover: "CH-24 5M 5/93."
500 _aPrepared for the American Nurses Association Council on Psychiatric and Mental Health Nursing and the Coalition of Psychiatric Nursing Organizations.
650 0 _aMental health services
_zUnited States.
650 0 _aPsychiatric nursing
_zUnited States.
650 0 _aHealth care reform
_zUnited States.
650 2 _aHealth Services Accessibility
_zUnited States.
650 2 _aMental Health Services.
650 2 _aPsychiatric Nursing
_xtrends.
650 2 _aDelivery of Health Care
_xorganization & administration
_zUnited States.
710 2 _aCoalition of Psychiatric Nursing Organizations.
710 2 _aCouncil on Psychiatric and Mental Health Nursing (American Nurses Association)
942 _2lcc
_cBK
_n0
999 _c2802
_d2802